Лекарственные растения Ульяновской области / (Record no. 307671)
[ view plain ]
| 000 -LEADER | |
|---|---|
| fixed length control field | 01111nam a2200217 a 4500 |
| 001 - CONTROL NUMBER | |
| control field | 000869767 |
| 003 - CONTROL NUMBER IDENTIFIER | |
| control field | AM-YeHGA |
| 005 - DATE AND TIME OF LATEST TRANSACTION | |
| control field | 20250617145205.0 |
| 008 - FIXED-LENGTH DATA ELEMENTS--GENERAL INFORMATION | |
| fixed length control field | 120224s1974 ru r 000 0 rus d |
| 040 ## - CATALOGING SOURCE | |
| Original cataloging agency | AM-YeHGA |
| 041 0# - LANGUAGE CODE | |
| Language code of text/sound track or separate title | rus |
| 090 ## - LOCALLY ASSIGNED LC-TYPE CALL NUMBER (OCLC); LOCAL CALL NUMBER (RLIN) | |
| -- | 309380 |
| 100 1# - MAIN ENTRY--PERSONAL NAME | |
| Personal name | Аверина, Зинаида Васильевна |
| 245 10 - TITLE STATEMENT | |
| Title | Лекарственные растения Ульяновской области / |
| Statement of responsibility, etc. | З.В. Аверина, П.И. Токарский; Исполком Ульянов. обл. Сов. депутат. трудящихся; Обл. аптекоуправление. |
| 260 ## - PUBLICATION, DISTRIBUTION, ETC. | |
| Place of publication, distribution, etc. | Ульяновск : |
| Name of publisher, distributor, etc. | Приволж. кн. изд-во. Ульян. отд-ние, |
| Date of publication, distribution, etc. | 1974. |
| 300 ## - PHYSICAL DESCRIPTION | |
| Extent | 148 с. : |
| Other physical details | ил. ; |
| Dimensions | 20 см. |
| 650 14 - SUBJECT ADDED ENTRY--TOPICAL TERM | |
| Topical term or geographic name entry element | Лекарственные растения |
| Geographic subdivision | Ульяновская область |
| 700 1# - ADDED ENTRY--PERSONAL NAME | |
| Personal name | Токарский, Петр Иванович |
| 710 2# - ADDED ENTRY--CORPORATE NAME | |
| Corporate name or jurisdiction name as entry element | Исполком Ульяновского областного Совета депутатов трудящихся |
| 710 2# - ADDED ENTRY--CORPORATE NAME | |
| Corporate name or jurisdiction name as entry element | Областное аптекоуправление |
| Withdrawn status | Lost status | Damaged status | Not for loan | Collection | Home library | Current library | Date acquired | Total checkouts | Full call number | Barcode | Date last seen | Price effective from | Koha item type | Public note |
|---|---|---|---|---|---|---|---|---|---|---|---|---|---|---|
| General | Fundamental Scientific Library | Fundamental Scientific Library | 09/01/2017 | PII/336309 | FL0271096 | 09/01/2017 | 09/01/2017 | Գրքեր / Books | 30 Days Loan |
ՀՀ Գիտությունների ազգային ակադեմիայի հիմնարար գիտական գրադարան = Fundamental Scientific Library of NAS RA
All site content, except where otherwise noted, is licensed under a